Slávnosti v Čirči

Bibliographic Details
Main Author: Dragošeková, Anna, 1963- (Author, Photographer)
Format: Article
Language:Slovak
PhysicalDescription:Fotogr.
Subjects:

MARC

LEADER 00000nab a2200000 a 4500
001 vtls009093752
003 SK-MaSNL
005 20260305033159.0
008 070912 2007 xo w n 000 0 slo
038 |a SLLK 
040 |a SLLK  |b slo  |c sllk  |e AACR2 
041 0 |a slo 
044 |a xo  |c SK 
080 |a 793.31  |2 1997 
080 |a 784.4  |2 1997 
245 0 0 |a Slávnosti v Čirči  |c Text: Mária Borušovičová ; foto: Anna Dragošeková 
300 |b Fotogr. 
648 7 |a 18.8.-19.8.2007  |2 snkbucl  |9 1062186 
650 0 7 |a folklórne slávnosti  |2 snkbucl  |9 74761 
651 7 |a Čirč (Slovensko)  |2 snkbucl  |9 57296 
651 7 |a Stará Ľubovňa (Slovensko : okres)  |2 snkbucl  |9 19196 
700 1 |a Dragošeková, Anna,  |d 1963-  |4 pht  |4 aut  |9 113724 
773 0 |t Ľubovnianske noviny  |g Roč. XXXIII, č. 34 (2007), s. 2 
852 |a SLLK  |b KIS3GCP 
999 |c 3323204  |d 3325134